000 00579nam a2200157 i 4500
001 166288
003 ES-MaACL
005 20230906213311.0
008 050913s1895 fr | |||||||| ||lat d
040 _aCAM
_bspa
_cCAM
100 1 _aThouverez, Emile.
_9133240
245 1 0 _aDe quali et quanto in logice formali /
_cthesim Facultati litterarum Parisiensi proponebat Aemilius Thouverez.
260 _aLutetiae Parisiorum :
_bFélix Alcan,
_c1895 (
_eBourg :
_fImprimerie du "Courrier de l'Ain")
300 _a137 p. ;
_c23 cm.
852 _aES-MaACL
_jF-8012(1)
_z-- Enc. cartón
999 _c166288
_d166288